000 00590nam a22001817a 4500
003 BD-DhUL
005 20161010153957.0
008 161010b1976 bg ||||| |||| 00| 0 ben d
040 _cBD-DhUL
082 _a297.63
_bMUB
100 _aমোস্তফা, গোলাম
245 _aবিশ্বনবী /
_cগোলাম মোস্তফা
250 _a১৪তম সংস্ক.
260 _aঢাকা :
_bআহমদ পাব,
_c১৯৭৬
300 _a৫৬৯ পৃ. :
_c২০ সে.মি.
650 _aবিশ্বনবী
942 _2ddc
_cBK
999 _c108143
_d108143